[Event "Petrosian Mem"]
[Site "Stepanakert AZE"]
[Date "2004.03.16"]
[Round "8"]
[White "Kobalia,M"]
[Black "Pashikian,A"]
[Result "1-0"]
[WhiteElo "2643"]
[BlackElo "2451"]
[EventDate "2004.03.09"]

1. e4 e5 2. Nf3 Nf6 3. d4 Nxe4 4. Bd3 d5 5. Nxe5 Nd7 6. Nxd7 Bxd7 7. O-O
Bd6 8. c4 c6 9. Nc3 Nxc3 10. bxc3 O-O 11. cxd5 cxd5 12. Qh5 f5 13. Qf3 Kh8
14. Bd2 Qh4 15. g3 Qg4 16. Kg2 Rf6 17. h4 Qxf3+ 18. Kxf3 Be8 19. Bg5 Bh5+
20. Kg2 Rf7 21. f3 Bg6 22. Bd2 f4 23. Bxg6 hxg6 24. g4 Re8 25. Kf2 Rfe7 26.
Rfe1 Rxe1 27. Bxe1 a6 28. a4 Kg8 29. Rb1 Re7 30. Rb6 Rd7 31. Ke2 Kf7 32.
Kd3 Bb8 33. Bd2 Ba7 34. Rb1 Bb8 35. Rh1 Bc7 36. h5 g5 37. h6 gxh6 38. Rxh6
Kg7 39. Rh1 Bd8 40. Rb1 Bf6 41. Bc1 Kf7 42. Ba3 Kg8 43. Bc5 Be7 44. c4 Bxc5
45. dxc5 dxc4+ 46. Kxc4 Kf7 47. Rb6 Re7 48. Kd5 Rd7+ 49. Rd6 Re7 50. Rh6
Kg7 51. Re6 Rd7+ 52. Rd6 Re7 53. Rb6 Kf8 54. Re6 Rd7+ 55. Ke4 Kf7 56. Kf5
Rd3 57. Rf6+ Ke7 58. Kxg5 Rxf3 59. Rxf4 Rc3 60. Kh6 Rxc5 61. g5 b5 62. g6
Rc1 63. g7 Rh1+ 64. Kg6 Rg1+ 65. Kh7 Rh1+ 66. Kg8 Rg1 67. Rh4 Kf6 68. Rh6+
1-0